000 01105nam a22002297a 4500
999 _c7425
_d7425
001 21012
003 BD-DhUAP
005 20210121144448.0
008 210121r20122020bg a|||| |||| 00| 0 ben d
020 _a9847007609513
040 _aBD-DhUAP
_bBen
_cBD-DhUAP
_dBD-DhUAP
082 _223
_a954.92 BAN
245 _aবঙ্গবন্ধুর স্বপ্ন ও সংগ্রাম /
_cসুব্রত বড়ুয়া কর্তৃক সম্পাদিত।
260 _aঢাকা :
_bবাংলাদেশ শিশু একাডেমি,
_c২০১২ [২০২০]।
300 _a১১২ পৃষ্ঠা :
_bচিত্র ;
_c২৫ সেমি.।
490 _aজাতির পিতা বঙ্গবন্ধু শেখ মুজিবুর রহমান শিশু-গ্রন্থমালা-১২।
600 _aRahman, Sheikh Mujibur,
_d1920-1975.
651 _aBangladesh
_vLiberation War
_y1971.
651 _aBangladesh
_vHistory
_xRevolution
_y1971.
700 _aবড়ুয়া, সুব্রত।
942 _2ddc
_cBK